Datum a čas kvízu

29 Celkem bodů Celkový počet nahraných bodů na tomto kvízu bez doplňovacích otázek.
11. Pořadí na kvízu Konečné umístění týmu na tomto kvízu.

Zaznamenané odpovědi

# Otázka Odpověď Body Výsledky
1. Minulý týden se stalo hitem so... (Ford) Mustang, žlutá barva 1
2. Který český ministr absolvoval... Marek Výborný 0
3. Minulý týden byly rozdány ceny... David Koller, Pam Rabbit 1
4. V pondělí oznámila síň Heritag... D) rám dveří, na němž se Rose zachránila 1
5. Český snowboardista Radek Hous... obarvit se na blond 1
6. Věříme, že ovládáte velkou pal... Řecko 1
7. Kalaallit Nunaat, tak zní v mí... Dánsko 0
8. Vyberte zemi, jejíž zkratka ná... C 0
9. V Evropské unii žije momentáln... 1C 2B 3D 4A 0
10. Caerdydd je alternativní název... Cardiff 1